HRD, OD, and institution building: essays in memory of Udai Pareek (Record no. 1308344)
[ view plain ]
| 000 -LEADER | |
|---|---|
| fixed length control field | 01412nam a2200229 4500 |
| 005 - DATE AND TIME OF LATEST TRANSACTION | |
| control field | 20250401150752.0 |
| 008 - FIXED-LENGTH DATA ELEMENTS--GENERAL INFORMATION | |
| fixed length control field | 250401b |||||||| |||| 00| 0 eng d |
| 020 ## - INTERNATIONAL STANDARD BOOK NUMBER | |
| International Standard Book Number | 9788126939909 |
| 037 ## - SOURCE OF ACQUISITION | |
| Terms of availability | Textual |
| 040 ## - CATALOGING SOURCE | |
| Original cataloging agency | RTL |
| Transcribing agency | RTL |
| 084 ## - COLON CLASSIFICATION NUMBER | |
| Classification number | X:9 Q6 |
| Assigning agency | RTL |
| 245 ## - TITLE STATEMENT | |
| Title | HRD, OD, and institution building: essays in memory of Udai Pareek |
| 260 ## - PUBLICATION, DISTRIBUTION, ETC. | |
| Place of publication, distribution, etc. | New Delhi |
| Name of publisher, distributor, etc. | Atlantic |
| Date of publication, distribution, etc. | 2016 |
| 300 ## - PHYSICAL DESCRIPTION | |
| Extent | xix, 450p. :ill. |
| Other physical details | Includes index |
| 520 ## - SUMMARY, ETC. | |
| Summary, etc. | Dr Udai Pareek, one of India’s most influential social scientists of yesteryears, has changed the thought process of many organizations and individuals. He was fondly known as the “Father of HRD” in India. In this book, leaders from both industry and academia give their original contributions in extending those of Dr Pareek’s in HRD, OD, and institution building in India. The learnings from their experiences will serve as a valuable guide to leaders in all walks of life ranging from industry to education and social development. The book showcases Dr Pareek’s contributions to HRD, OD, and institution building through the eyes of experts from the industry and academia. |
| 650 ## - SUBJECT ADDED ENTRY--TOPICAL TERM | |
| Topical term or geographic name entry element | Includes bibliographical references, notes and index |
| 9 (RLIN) | 751687 |
| 650 ## - SUBJECT ADDED ENTRY--TOPICAL TERM | |
| Topical term or geographic name entry element | Personnel management |
| 650 ## - SUBJECT ADDED ENTRY--TOPICAL TERM | |
| Topical term or geographic name entry element | Organizational change |
| 9 (RLIN) | 598384 |
| 700 ## - ADDED ENTRY--PERSONAL NAME | |
| Personal name | Rao, T. V |
| Relator term | Editor |
| 700 ## - ADDED ENTRY--PERSONAL NAME | |
| Personal name | Khandelwal, Anil K |
| Relator term | Editor |
| 9 (RLIN) | 273678 |
| 942 ## - ADDED ENTRY ELEMENTS (KOHA) | |
| Source of classification or shelving scheme | Colon Classification (CC) |
| Suppress in OPAC | No |
| Koha item type | Textbook |
| Classification part | X:9 Q6 |
| Withdrawn status | Lost status | Source of classification or shelving scheme | Damaged status | Not for loan | Home library | Current library | Date acquired | Total Checkouts | Full call number | Barcode | Date last seen | Price effective from | Koha item type |
|---|---|---|---|---|---|---|---|---|---|---|---|---|---|
| Colon Classification (CC) | Ratan Tata Library | Ratan Tata Library | 2025-04-01 | X:9 Q6 | RT1585184 | 2025-04-01 | 2025-04-01 | Textbook |
